[Event "Evil Dead"]
[Site "http://www.queenalice.com/game.php?id=1822277"]
[Date "2023.10.3"]
[Round "-"]
[White "Diogolopes"]
[Black "Nelsonbento"]
[Result "0-1"]
[WhiteElo "1598"]
[BlackElo "1683"]

1. e4 e5 2. d3 d5 3. Qh5 Qf6 4. exd5 Bc5 5. Nf3 g6 6. Qxe5+ Qxe5+ 7. Nxe5 Nd7 8.
Nf3 Ngf6 9. d4 Bd6 10. Bc4 Nb6 11. Bd3 Nbxd5 12. Bc4 Nf4 13. Bxf4 Bxf4 14. g3
Bh6 15. Ne5 Be6 16. d5 Bxd5 17. Bxd5 Nxd5 18. c3 O-O 19. O-O Bg7 20. Nc4 b5 21.
Na5 b4 22. Rd1 Rfd8 23. c4 Ne7 24. Nd2 Bxb2 25. Rab1 Bc3 26. Nab3 a5 27. Ne4
Rxd1+ 28. Rxd1 a4 29. Nbc5 Bb2 30. Rd7 Kf8 31. Rxc7 a3 32. Nd7+ Kg7 33. Nb6 Re8
34. Nd6 Rd8 35. c5 Bf6 36. Ra7 Nc6 37. Ra6 Bd4 38. Nbc4 Nb8 39. Ra5 Rd7 40. Rb5
Nc6 41. Ne8+ Kh6 42. g4 Kg5 43. h3 Re7 44. Ned6 Re2 45. Nxf7+ Kh4 46. Rb6 Bxc5
47. Rxc6 Bxf2+ 48. Kf1 Rxa2 49. Rf6 Kxh3 50. Rxf2 Rxf2+ 51. Kxf2 a2 52. Ng5+
Kxg4 53. Nd2 a1=Q 54. Nge4 h5 55. Nf3 b3 56. Ned2 Qa2 57. Ke3 h4 58. Nd4 b2 59.
Ne2 b1=Q 60. Nxb1 Qxb1 61. Nc3 Qe1+ 62. Ne2 h3 0-1

[Event "Hereditary"]
[Site "http://www.queenalice.com/game.php?id=1822772"]
[Date "2023.10.11"]
[Round "-"]
[White "Nelsonbento"]
[Black "Diogolopes"]
[Result "1-0"]
[WhiteElo "1696"]
[BlackElo "1585"]

1. d4 e6 2. e4 g5 3. e5 b6 4. Nf3 h6 5. d5 g4 6. Nd4 exd5 7. Nc3 c5 8. Nf5 d4 9.
Nd5 h5 10. g3 Ne7 11. Nf6# 1-0

[Event "The Shining"]
[Site "http://www.queenalice.com/game.php?id=1822860"]
[Date "2023.10.13"]
[Round "-"]
[White "Nelsonbento"]
[Black "Diogolopes"]
[Result "0-1"]
[WhiteElo "1693"]
[BlackElo "1597"]

1. d4 d5 2. h4 Qd6 3. h5 Nf6 4. g3 Ng4 5. Bf4 Qb6 6. b3 e6 7. Qd3 h6 8. Bg2 g5
9. hxg6 Nc6 10. gxf7+ Kxf7 11. Nf3 Bg7 12. Bh3 Nb4 13. Qc3 Bxd4 14. Nxd4 Nxc2+
15. Qxc2 Qxd4 16. Bxg4 Qxa1 17. Bxc7 Bd7 18. Kd2 Qd4+ 19. Qd3 Qxg4 20. Rh4 Qg7
21. Qf3+ Ke7 22. Ba5 Qb2+ 23. Ke3 Qxb1 24. Bc3 Rac8 25. Qf6+ Kd6 26. Be5+ Kc6
27. Rb4 b6 28. Qe7 Qc1+ 29. Kf3 Qh1+ 30. Ke3 Qc1+ 31. Kf3 Rhf8+ 32. Kg2 Qc5 33.
Qh4 Qxf2+ 34. Kh3 Qf1+ 35. Kg4 Qxe2+ 36. Kh3 Qxe5 37. a4 Qd6 38. Rd4 Kb7 39. g4
Rf3+ 40. Kg2 Rcc3 41. Rd2 Bc6 42. Qxh6 Qg3+ 43. Kh1 Rc1+ 44. Rd1 Rxd1# 0-1

[Event "Night of the Living Dead"]
[Site "http://www.queenalice.com/game.php?id=1823013"]
[Date "2023.10.15"]
[Round "-"]
[White "Nelsonbento"]
[Black "Diogolopes"]
[Result "0-1"]
[WhiteElo "1673"]
[BlackElo "1589"]

1. h4 e6 2. d4 b6 3. h5 g5 4. hxg6 fxg6 5. b3 Nh6 6. e4 d6 7. Bxh6 Bxh6 8. Rxh6
Qf6 9. Na3 Rf8 10. f3 Rf7 11. Nb5 Na6 12. Qd3 Qg5 13. Rh3 Nb4 14. Qd2 Nxc2+ 15.
Qxc2 Qe3+ 16. Ne2 Ba6 17. Nxc7+ Rxc7 18. Qxc7 Rc8 19. Qxc8+ Bxc8 20. Rxh7 Ba6
21. Rxa7 Bxe2 22. Rg7 Qc3+ 23. Kxe2 Qxa1 24. Rxg6 Qxa2+ 25. Ke3 Qxb3+ 26. Bd3
Kf7 27. Rh6 b5 28. g4 b4 29. g5 Kg7 30. Rh1 Qa2 31. Kf4 Qd2+ 32. Kg4 Qxd3 33. d5
b3 34. dxe6 b2 35. e7 Qb5 36. Rb1 Kf7 37. e8=Q+ Kxe8 38. Kh5 Qe2 39. Kg6 Qc2 40.
Rh1 b1=Q 41. Rxb1 Qxb1 42. Kf5 Qb2 43. f4 Qb7 44. g6 Qe7 45. g7 Kf7 46. g8=Q+
Kxg8 47. Kg6 Qxe4+ 48. f5 d5 49. Kg5 d4 50. f6 d3 51. Kh6 d2 52. Kg5 d1=Q 53.
Kh6 Qg1 54. f7+ Kxf7 55. Kh5 Qeh1# 0-1

[Event "AUTO-OPEN-4480"]
[Site "http://www.queenalice.com/game.php?id=1823175"]
[Date "2023.10.17"]
[Round "1"]
[White "WLAO"]
[Black "Diogolopes"]
[Result "1-0"]
[WhiteElo "1493"]
[BlackElo "1685"]

1. e4 e5 2. Bc4 Nf6 3. d3 b5 4. Bxb5 c6 5. Bc4 Be7 6. Nf3 Ng4 7. O-O Bc5 8. Bg5
f6 9. Bh4 Nxf2 10. Bxf2 Qa5 11. c3 g5 12. b4 Bxf2+ 13. Rxf2 Qb6 14. Nbd2 d6 15.
Qb3 g4 16. Nh4 Qe3 17. Bf7+ Ke7 18. g3 Qxd2 19. Rxd2 d5 20. Nf5+ Kxf7 21. Nd6+
Ke7 22. exd5 Kxd6 23. c4 Bf5 24. Rf2 Bg6 25. c5+ Kc7 26. d6+ Kd7 27. Rxf6 Na6
28. Qe6+ Kd8 29. Qe7+ Kc8 30. Raf1 Nb8 31. Rf8+ Rxf8 32. Qxf8+ Kb7 33. Qe7+ Ka6
34. a4 Bxd3 35. Rd1 Bf5 36. Qc7 Nd7 37. Qa5+ Kb7 38. b5 Rc8 39. Qa6+ Kb8 40. b6
axb6 41. cxb6 Nxb6 42. Qxb6+ Ka8 43. a5 c5 44. a6 Rb8 45. Qc6+ Ka7 46. d7 Bxd7
47. Rxd7+ Rb7 48. Qxb7# 1-0

[Event "AUTO-OPEN-4480"]
[Site "http://www.queenalice.com/game.php?id=1823176"]
[Date "2023.10.17"]
[Round "1"]
[White "Diogolopes"]
[Black "WLAO"]
[Result "1-0"]
[WhiteElo "1650"]
[BlackElo "1497"]

1. e4 Nc6 2. c3 e5 3. d3 h6 4. b4 b5 5. g3 Be7 6. h4 g6 7. Na3 a6 8. Bb2 h5 9.
Nf3 f6 10. d4 a5 11. Nxb5 axb4 12. Qb3 exd4 13. Bc4 Nh6 14. Nfxd4 Bc5 15. Nxc6
dxc6 16. cxb4 Bxf2+ 17. Kxf2 Qd2+ 18. Be2 Ng4+ 19. Kf3 Ne5+ 20. Bxe5 fxe5 21.
Nxc7+ Kf8 22. Nxa8 Bg4+ 23. Kf2 Qxe2+ 24. Kg1 Qxe4 25. Rf1+ Kg7 26. Qf7+ Kh6 27.
Nc7 Qe3+ 28. Rf2 Qxg3+ 29. Rg2 Qe1+ 30. Qf1 Qe3+ 31. Rf2 Rc8 32. Na6 e4 33. Nc5
Qg3+ 34. Qg2 Qe3 35. Qxe4 Qg3+ 36. Kf1 Bh3+ 37. Ke2 Qc3 38. Qf4+ Kh7 39. Qf7+
Qg7 40. Rxh3 Rc7 41. Qxg7+ Rxg7 42. Rhf3 Re7+ 43. Kd3 Kh6 44. Rf6 Rc7 45. Re6
Rg7 46. Rxc6 Re7 47. Ne4 Rd7+ 48. Ke3 Kg7 49. b5 Rd1 50. Rc7+ Kg8 51. Nf6+ Kf8
52. Nxh5+ Ke8 53. Ng7+ Kd8 54. Ne6+ Ke8 55. Rf8# 1-0

[Event "AUTO-OPEN-4480"]
[Site "http://www.queenalice.com/game.php?id=1823201"]
[Date "2023.10.17"]
[Round "1"]
[White "Carlos19"]
[Black "Diogolopes"]
[Result "0-1"]
[WhiteElo "1683"]
[BlackElo "1659"]

1. e4 e5 2. Nf3 f6 3. Bc4 Ne7 4. Nc3 Ng6 5. h3 Bc5 6. d3 a6 7. a3 b5 8. Bb3 b4
9. axb4 Bxb4 10. Bd2 c6 11. O-O d6 12. Na2 Bc5 13. c3 Nf4 14. d4 Bb6 15. dxe5
dxe5 16. Bxf4 exf4 17. Qxd8+ Bxd8 18. c4 Be6 19. e5 Nd7 20. Nd4 Nc5 21. Nxe6
Nxe6 22. Rfe1 Ba5 23. Re2 Nd4 24. exf6+ Nxe2+ 25. Kf1 Nd4 26. Ba4 gxf6 27. Rb1
Kd7 28. b4 Rab8 29. Bd1 h5 30. c5 Rh7 31. g3 fxg3 32. fxg3 Bc7 33. Kf2 Rg8 34.
h4 Rxg3 35. Rb2 Bf4 36. Kf1 Rh3 37. Rf2 Bg3 38. Rxf6 Bxh4 39. Rd6+ Kc7 40. Ba4
Rf3+ 41. Kg2 Rg7+ 42. Kh1 Rf1+ 43. Kh2 Nf3+ 44. Kh3 Rh1# 0-1

[Event "AUTO-OPEN-4480"]
[Site "http://www.queenalice.com/game.php?id=1823202"]
[Date "2023.10.17"]
[Round "1"]
[White "Diogolopes"]
[Black "Carlos19"]
[Result "1-0"]
[WhiteElo "1641"]
[BlackElo "1696"]

1. e4 e5 2. Nf3 Nc6 3. c3 Bc5 4. g3 Nf6 5. b4 Be7 6. Bc4 h6 7. Qa4 Nxe4 8. b5
Nb8 9. Bb3 a6 10. Qxe4 Bd6 11. Qd5 O-O 12. Nxe5 Bxe5 13. O-O d6 14. Qe4 axb5 15.
f4 Bf6 16. Bc2 g6 17. Bd3 c6 18. h3 b4 19. Qxb4 c5 20. Qc4 Be6 21. Qe4 d5 22.
Qf3 Qb6 23. Qf2 d4 24. f5 gxf5 25. Bxf5 Bd5 26. Bg4 Kg7 27. d3 dxc3 28. Qf4 c4+
29. Be3 Qc6 30. Qxh6+ Kg8 31. Rxf6 Qxf6 32. Qxf6 Ra6 33. Qxc3 b5 34. Qe5 Ba8 35.
Bd4 f6 36. Be6+ Kg7 37. Qg5+ Kh7 38. Qf5+ Kh6 39. Be3+ Kg7 40. Qg4+ Kh8 41. Bh6
Re8 42. Qg7# 1-0

[Event "AUTO-OPEN-4480"]
[Site "http://www.queenalice.com/game.php?id=1823217"]
[Date "2023.10.17"]
[Round "1"]
[White "SGF"]
[Black "Diogolopes"]
[Result "1-0"]
[WhiteElo "1690"]
[BlackElo "1658"]

1. d4 e6 2. e4 d5 3. exd5 Qxd5 4. c3 g6 5. Qf3 Ne7 6. h3 Bd7 7. a4 Qb3 8. Nd2
Qb6 9. Nc4 Qa6 10. Nd6+ cxd6 11. Bxa6 Nxa6 12. Qxb7 Bc6 13. Qxa6 Bxg2 14. Rh2
Be4 15. f3 Bc6 16. Bg5 Kd7 17. Bxe7 Bxe7 18. b4 Rhb8 19. b5 Bb7 20. Qa5 Bd8 21.
Qb4 a5 22. Qc4 Bd5 23. Qd3 Bb3 24. c4 d5 25. Qxb3 dxc4 26. Qxc4 Rc8 27. Qd3 Bc7
28. Re2 Bf4 29. d5 e5 30. Kf2 Rc5 31. h4 Rac8 32. Nh3 Bh6 33. Rxe5 Bg7 34. Ng5
Bxe5 35. Nxf7 Rc2+ 36. Ke3 Bxa1 37. b6 R2c3 38. Ne5+ Ke8 39. Nc6 Rxd3+ 40. Kxd3
Bf6 41. b7 Rd8 42. Nxd8 Be5 43. Nc6 Bc7 44. Kc4 Kd7 45. Kc5 Bf4 46. Kb6 Bc7+ 47.
Ka6 Bf4 48. Nxa5 Kc7 49. Nc6 Kd7 50. a5 h6 51. Kb6 Bc7+ 52. Ka7 g5 53. h5 Kd6
54. b8=Q Bxb8+ 55. Kxb8 Kxd5 56. Kb7 Kc5 57. a6 Kd5 58. a7 1-0

[Event "AUTO-OPEN-4480"]
[Site "http://www.queenalice.com/game.php?id=1823218"]
[Date "2023.10.17"]
[Round "1"]
[White "Diogolopes"]
[Black "SGF"]
[Result "0-1"]
[WhiteElo "1602"]
[BlackElo "1684"]

1. e4 e5 2. Nf3 Qf6 3. d3 h6 4. c3 d6 5. b4 Bg4 6. Be2 Be7 7. h3 Bxf3 8. Bxf3 g5
9. Qe2 a5 10. d4 axb4 11. Qb5+ Nd7 12. Qxb7 Rb8 13. Qxc7 bxc3 14. Nxc3 exd4 15.
Nd5 Qe6 16. O-O Bd8 17. Qc2 Ngf6 18. Nc7+ Bxc7 19. Qxc7 O-O 20. Qa5 Nxe4 21. Re1
f5 22. Bd1 d3 23. Bb3 Rxb3 24. axb3 Qxb3 25. Bd2 Nxd2 26. Qxd2 Nc5 27. Qa5 Qc2
28. Re7 d2 29. Qa8 d1=Q+ 30. Kh2 Qd4 31. Raa7 Qf4+ 32. g3 Qfxf2+ 33. Qg2 Qxg2#
0-1

[Event "Challenge"]
[Site "http://www.queenalice.com/game.php?id=1823226"]
[Date "2023.10.17"]
[Round "-"]
[White "WLAO"]
[Black "Diogolopes"]
[Result "0-1"]
[WhiteElo "1501"]
[BlackElo "1690"]

1. e4 e5 2. Nf3 f6 3. Bc4 Ne7 4. d3 Ng6 5. Be3 c5 6. b3 a6 7. Nbd2 Qa5 8. O-O
Nc6 9. Qc1 b5 10. Bd5 Bb7 11. c3 Nge7 12. c4 g5 13. Bxc5 Nxd5 14. Bxf8 Nc3 15.
Kh1 Rxf8 16. c5 g4 17. Nh4 Ne2 18. Qe1 Ncd4 19. Nf5 Bc6 20. Nxd4 Nxd4 21. g3 Nc2
22. Qc1 Nxa1 23. Qxa1 Qxd2 24. Kg1 Qxd3 25. Re1 Bxe4 26. Re3 Qd5 27. Rxe4 Qxe4
28. Qd1 h5 29. h4 Rc8 30. Qd6 Qc2 31. Qxa6 Qd1+ 32. Kg2 Rxc5 33. Qa8+ Kf7 34.
Qe4 Kg7 35. Qe3 Rc1 36. Qxc1 Qxc1 37. a4 Qd1 38. axb5 Rc8 39. b6 Rc1 40. b7 Qh1#
0-1

[Event "AUTO-ADV-4739"]
[Site "http://www.queenalice.com/game.php?id=1823241"]
[Date "2023.10.17"]
[Round "1"]
[White "shmurtz91"]
[Black "Diogolopes"]
[Result "1-0"]
[WhiteElo "1866"]
[BlackElo "1660"]

1. d4 d5 2. c4 e6 3. Nf3 dxc4 4. e4 f6 5. Bxc4 c6 6. Nh4 g5 7. Bxg5 fxg5 8. Qh5+
Kd7 9. Ng6 Qe8 10. Ne5+ Kd8 11. Qxg5+ Be7 12. Qf4 Nf6 13. Nd2 b5 14. Be2 Rf8 15.
Nd3 Nh5 16. Qe5 Qd7 17. Qxh5 Qxd4 18. O-O Qg7 19. f4 c5 20. Nxc5 Qxb2 21. Ndb3
b4 22. Rfd1+ Bd7 23. Nxe6+ Kc8 24. Rac1+ Nc6 25. Ba6+ Kb8 26. Qb5# 1-0

[Event "AUTO-ADV-4739"]
[Site "http://www.queenalice.com/game.php?id=1823242"]
[Date "2023.10.17"]
[Round "1"]
[White "Diogolopes"]
[Black "shmurtz91"]
[Result "0-1"]
[WhiteElo "1657"]
[BlackElo "1903"]

1. e4 c5 2. c3 e6 3. e5 Nc6 4. Nf3 d6 5. Qe2 Nxe5 6. d4 Nxf3+ 7. Qxf3 cxd4 8.
cxd4 d5 9. Bd2 Nf6 10. Bg5 Be7 11. h4 h6 12. Be3 Qb6 13. b3 Ne4 14. Bd3 Qb4+ 15.
Bd2 Qxd4 16. Nc3 Nxc3 17. Rc1 Nxa2 18. Bb5+ Bd7 19. Bxd7+ Kxd7 20. Be3 Qb4+ 21.
Bd2 Qb5 22. Rb1 Nb4 23. Bc3 Nd3+ 24. Kd2 Nc5 25. Bxg7 Ne4+ 26. Kd1 Rhc8 27. Bxh6
Rc3 28. Qe2 Nxf2+ 29. Qxf2 Qd3+ 30. Qd2 Qxb1+ 31. Ke2 Qxh1 32. Qxc3 Qxg2+ 33.
Kd1 Rc8 34. Qd3 Qg1+ 35. Ke2 Qg2+ 36. Kd1 Qg4+ 37. Qe2 Qxh4 38. Bd2 Kc7 39. Ba5+
Kb8 40. Qe5+ Ka8 41. Be1 Qg4+ 42. Kd2 Bg5+ 43. Kd3 Qd1+ 44. Bd2 Qxd2# 0-1

[Event "AUTO-ADV-4739"]
[Site "http://www.queenalice.com/game.php?id=1823255"]
[Date "2023.10.17"]
[Round "1"]
[White "WHUSIRO"]
[Black "Diogolopes"]
[Result "0-1"]
[WhiteElo "1828"]
[BlackElo "1634"]

1. e4 e5 2. Nf3 f6 3. Bc4 Ne7 4. O-O g5 5. h3 d6 6. c3 a6 7. d4 b5 8. Bb3 Bb7 9.
d5 a5 10. Be3 a4 11. Bc2 Ba6 12. Nbd2 b4 13. c4 b3 14. axb3 axb3 15. Bxb3 c5 16.
Nh2 Nd7 17. Qh5+ Ng6 18. Rfe1 Bb7 19. Ndf1 Qb6 20. Ba4 Qb4 21. b3 Ke7 22. Ng3
Kd8 23. Nf3 Kc7 24. Bd2 Qb6 25. Qg4 Bc8 26. Nh2 h5 27. Qf3 Nb8 28. Qxf6 Rg8 29.
Qf7+ Nd7 30. Qxg8 Nf4 31. Qxf8 Nxf8 32. Nf3 g4 33. hxg4 Bxg4 34. Bc6 Rxa1 35.
Rxa1 Qxb3 36. Ra7+ Kd8 37. Ra8+ Ke7 38. Re8+ Kf7 39. Ng5+ Kg8 40. Ne6 Qd1+ 41.
Nf1 Ne2+ 42. Kh2 Bxe6 0-1

[Event "AUTO-ADV-4739"]
[Site "http://www.queenalice.com/game.php?id=1823256"]
[Date "2023.10.17"]
[Round "1"]
[White "Diogolopes"]
[Black "WHUSIRO"]
[Result "1-0"]
[WhiteElo "1608"]
[BlackElo "1854"]

1. e4 c5 2. Bc4 d6 3. Qf3 Nf6 4. d3 Bg4 5. Qg3 Bh5 6. Qh4 Bg6 7. g4 e6 8. Na3
Be7 9. Bb5+ Nbd7 10. g5 Nh5 11. f4 f6 12. f5 exf5 13. exf5 Bf7 14. gxf6 Bxf6 15.
Qe4+ Qe7 16. Ne2 O-O 17. Qxb7 Rfd8 18. Be3 Ne5 19. Qe4 Nd7 20. Bc6 Be5 21. Bxa8
Nhf6 22. Qb7 Qe8 23. Qg2 Bxb2 24. Rg1 Qf8 25. Bh6 Nh5 26. Rb1 Bxa3 27. Bf3 Ndf6
28. Rb7 Kh8 29. Bxh5 Nxh5 30. Bg5 Re8 31. Rxa7 Bb2 32. Kd2 Be5 33. Rb1 Nf6 34.
Rbb7 Kg8 35. Rc7 Nd5 36. Rxf7 Nf6 37. Rxf8+ 1-0

[Event "AUTO-ADV-4739"]
[Site "http://www.queenalice.com/game.php?id=1823265"]
[Date "2023.10.17"]
[Round "1"]
[White "Diogolopes"]
[Black "Givanildo"]
[Result "0-1"]
[WhiteElo "1676"]
[BlackElo "1637"]

1. e4 d5 2. Nf3 dxe4 3. Nh4 e5 4. g3 h5 5. Qe2 Nf6 6. Qe3 Bd7 7. Qc3 Nc6 8. Qb3
Be6 9. Qxb7 Bd5 10. Bb5 Kd7 11. c4 Rb8 12. Qa6 Rb6 13. Qa4 Be6 14. b3 a6 15.
Bxc6+ Rxc6 16. b4 Bxc4 17. a3 Bb5 18. Qd1 Ke6 19. Nc3 g6 20. Nxb5 axb5 21. O-O
Bh6 22. Qb3+ Ke7 23. Qb2 Qd5 24. Rd1 Rd8 25. Ra2 Ng4 26. Ng2 e3 27. d3 exf2+ 28.
Kh1 Rxc1 29. Ra1 Rxd1+ 30. Rxd1 Ne3 31. Qxf2 Nxd1 32. Qa7 Rd7 33. h4 Qxd3 34.
Qc5+ Qd6 35. Qxb5 Nf2+ 36. Kg1 Qd1+ 37. Kxf2 Rd2+ 38. Qe2 Qxe2+ 39. Kg1 Qxg2#
0-1

[Event "AUTO-ADV-4739"]
[Site "http://www.queenalice.com/game.php?id=1823266"]
[Date "2023.10.17"]
[Round "1"]
[White "Givanildo"]
[Black "Diogolopes"]
[Result "0-1"]
[WhiteElo "1655"]
[BlackElo "1675"]

1. d4 d5 2. Bf4 Nc6 3. e3 e6 4. Bb5 Bd7 5. Ne2 g5 6. Bg3 a6 7. Bd3 f5 8. h4 Nb4
9. O-O gxh4 10. Be5 Nf6 11. Nf4 Rg8 12. Be2 Ne4 13. Bh5+ Ke7 14. Qe1 a5 15. c3
Nc2 16. Na3 Nxe1 17. Raxe1 Nd2 18. c4 Nxf1 19. Rxf1 dxc4 20. Nxc4 Bb5 21. b3 Kd7
22. Rd1 Bc6 23. d5 Rxg2+ 24. Nxg2 Bxd5 25. Bf4 h3 26. Ne5+ Kc8 27. Nf7 Qd7 28.
e4 fxe4 29. Ne5 Qg7 30. Bg4 hxg2 31. f3 exf3 32. Rxd5 b6 33. Bxe6+ Kb7 34. Bd7
Bc5+ 35. Rxc5 bxc5 36. Bc6+ Ka7 37. Nxf3 Rd8 38. Bb5 Rd1+ 39. Kf2 Rd4 40. Be3
Rd5 41. Bc1 Rf5 42. Ke2 Qg3 43. Bc6 h5 44. Be3 Qg4 45. Bxc5+ Rxc5 46. Bd7 Qxd7
47. Kf2 Rc2+ 48. Kg3 Qg4+ 49. Kh2 g1=Q# 0-1

[Event "Texas Chain Saw Massacre"]
[Site "http://www.queenalice.com/game.php?id=1823516"]
[Date "2023.10.21"]
[Round "-"]
[White "Diogolopes"]
[Black "Nelsonbento"]
[Result "1-0"]
[WhiteElo "1658"]
[BlackElo "1675"]

1. e4 h5 2. d4 e6 3. e5 h4 4. h3 a5 5. a4 b6 6. f4 Bb7 7. Nf3 d6 8. c4 Nh6 9.
Ng5 Qe7 10. Nc3 Na6 11. Nb5 Kd7 12. Be3 Nb4 13. exd6 cxd6 14. d5 exd5 15. Qe2
dxc4 16. Qxc4 Qxe3+ 17. Be2 Rc8 18. Ra3 Rxc4 19. Rxe3 Rxf4 20. Rc3 Nc6 21. Nf3
Rxa4 22. O-O Nf5 23. Nd2 Ng3 24. Rxf7+ Kd8 25. Re3 Ne5 26. Rxb7 Nxe2+ 27. Rxe2
g5 28. Rb8+ Ke7 29. Ne4 g4 30. Nexd6 Ra1+ 31. Kf2 g3+ 32. Ke3 Bh6+ 33. Ke4 Rxb8
34. Nf5+ Kf6 35. Nxh6 Nc4 36. Kd5 Nxb2 37. Rxb2 Rd8+ 38. Kc6 Rc1+ 39. Kxb6 a4
40. Ka5 Rc4 41. Ng4+ Kg5 42. Ne5 Ra8+ 43. Kb6 Rc1 44. Rb4 Rg1 45. Nf3+ Kf5 46.
Nxg1 a3 47. Nd4+ Ke4 48. Nc6+ Ke3 49. Nd4 Kf2 50. Ngf3 Kxg2 51. Ng5 a2 52. Nc2
Rb8+ 53. Ka5 Rxb4 54. Kxb4 Kf2 55. Ne4+ Ke2 56. Kb3 g2 57. Nc3+ Kf3 58. Nd4+ Kg3
59. Kxa2 Kxh3 60. Nf3 Kg3 61. Ng1 h3 62. Ne4+ Kh2 63. Nf3+ Kh1 64. Nf2# 1-0

[Event "AUTO-ADV-4742"]
[Site "http://www.queenalice.com/game.php?id=1824015"]
[Date "2023.10.27"]
[Round "1"]
[White "Diogolopes"]
[Black "Capixabba789"]
[Result "0-1"]
[WhiteElo "1661"]
[BlackElo "1781"]

1. e4 d6 2. d4 Nf6 3. f3 e6 4. g4 Be7 5. g5 Nxe4 6. fxe4 Bxg5 7. Bd2 Bh4+ 8. Ke2
Qf6 9. Nf3 g5 10. Bg2 Bd7 11. a4 Nc6 12. Rf1 Nxd4+ 13. Nxd4 Qxd4 14. Be3 Qxb2
15. Bd4 Qb4 16. Bxh8 O-O-O 17. Bc3 Qc5 18. Bd4 Qa5 19. c4 e5 20. Bc3 Qa6 21.
Rxf7 Kb8 22. h3 Qxc4+ 23. Kd2 Qxf7 24. Kc2 Bc6 25. Nd2 Qf2 26. Bf1 Bxe4+ 27. Kb2
d5 28. Bxe5 Qb6+ 29. Bb5 Bg6 30. Rc1 Rc8 31. Qg4 a6 32. Bd4 Qd6 33. Bd7 Qh2 34.
Bc3 Rd8 35. Be6 Be4 36. Kb3 Qg2 37. Nxe4 Qxe4 38. Bf5 Qe3 39. Qg1 d4 40. Qd1 g4
41. hxg4 dxc3 42. Qxd8+ Bxd8 43. Rxc3 Qb6+ 44. Kc2 h6 45. Rb3 Qf2+ 46. Kd3 Bg5
47. Kc4 a5 48. Be4 b6 49. Kb5 Qc5+ 50. Ka6 Qc4+ 51. Rb5 Qxe4 52. Rf5 Qxf5 53.
gxf5 h5 54. Kb5 h4 55. f6 Bxf6 56. Kc4 h3 57. Kd3 h2 58. Ke2 h1=Q 59. Kf2 c5 60.
Kg3 c4 61. Kg4 c3 62. Kf5 Bd8 63. Ke6 c2 64. Kd7 Bc7 0-1

[Event "AUTO-ADV-4742"]
[Site "http://www.queenalice.com/game.php?id=1824016"]
[Date "2023.10.27"]
[Round "1"]
[White "Capixabba789"]
[Black "Diogolopes"]
[Result "1-0"]
[WhiteElo "1770"]
[BlackElo "1698"]

1. e4 e5 2. Bc4 Nh6 3. Nf3 d6 4. d4 f6 5. Bxh6 gxh6 6. Nc3 a6 7. Nxe5 fxe5 8.
Qh5+ Kd7 9. Qf7+ Qe7 10. Qf5+ Kd8 11. Qf3 exd4 12. Nd5 Qg7 13. O-O-O Bg4 14. Qb3
b5 15. f3 bxc4 16. Qb7 c6 17. Qxa8 Qg5+ 18. f4 Qg7 19. Qxb8+ Bc8 20. Qb6+ Ke8
21. Qxc6+ Bd7 22. Qxa6 Kf7 23. Qxc4 Kg6 24. f5+ Kg5 25. h4+ Kh5 26. Qe2+ Qg4 27.
Nf6# 1-0

[Event "AUTO-ADV-4742"]
[Site "http://www.queenalice.com/game.php?id=1824017"]
[Date "2023.10.27"]
[Round "1"]
[White "Diogolopes"]
[Black "BobFicha"]
[Result "0-1"]
[WhiteElo "1647"]
[BlackElo "1878"]

1. e4 e5 2. f3 Nc6 3. c3 d6 4. b4 a6 5. h4 Nf6 6. g4 d5 7. g5 Nh5 8. Ne2 dxe4 9.
fxe4 Bd6 10. Rg1 Be6 11. Ng3 Nf4 12. d3 Qd7 13. Nf5 Bxf5 14. exf5 Qxf5 15. Rg4
O-O-O 16. Qf3 g6 17. Bxf4 exf4 18. Nd2 Ne5 19. Qe2 Qxg4 20. d4 Qxe2+ 21. Bxe2
Nd7 22. Ne4 Rde8 23. Bf3 f5 24. O-O-O fxe4 25. Bg2 f3 26. Bh3 e3 27. Rd3 f2 28.
Rd1 e2 29. Bf1 exd1=Q+ 30. Kxd1 Re1+ 31. Kd2 Rxf1 32. Ke2 Rh1 33. Kxf2 Rf8+ 34.
Ke3 Re1+ 35. Kd3 Rf2 36. a3 Rf3+ 37. Kc4 Nb6+ 38. Kb3 Rf2 39. c4 Re3# 0-1

[Event "AUTO-ADV-4742"]
[Site "http://www.queenalice.com/game.php?id=1824018"]
[Date "2023.10.27"]
[Round "1"]
[White "BobFicha"]
[Black "Diogolopes"]
[Result "1-0"]
[WhiteElo "1885"]
[BlackElo "1664"]

1. e4 e5 2. Nf3 f6 3. Bc4 Nh6 4. h3 a6 5. d4 b5 6. Bd3 d6 7. d5 c5 8. dxc6 Nxc6
9. c3 g5 10. Be3 Be7 11. b4 Rb8 12. a3 Be6 13. Qc2 d5 14. O-O a5 15. Qe2 dxe4
16. Bxe4 Bc4 17. Qc2 Bxf1 18. Bxc6+ Kf7 19. Kxf1 a4 20. Be4 Qd7 21. Bxh7 f5 22.
Nxe5+ Ke8 23. Nxd7 Kxd7 24. Bxf5+ Ke8 25. Bg6+ Kf8 26. Nd2 Ng8 27. Qf5+ Nf6 28.
Ne4 Kg7 29. Bd4 Rhf8 30. Qe6 Rb7 31. Qd5 Rd7 32. Qxd7 Kxg6 33. Qxe7 Nxe4 34.
Qxf8 Nd2+ 35. Ke2 Nb3 36. Qf6+ Kh5 37. Be3 Nxa1 38. Qxg5# 1-0

[Event "AUTO-ADV-4742"]
[Site "http://www.queenalice.com/game.php?id=1824019"]
[Date "2023.10.27"]
[Round "1"]
[White "Diogolopes"]
[Black "silent1"]
[Result "0-1"]
[WhiteElo "1651"]
[BlackElo "1814"]

1. e4 e5 2. d3 Nf6 3. f3 Be7 4. g4 Nc6 5. g5 Nh5 6. Ne2 Bxg5 7. c3 d6 8. b4 Bh4+
9. Kd2 Be6 10. Bb2 Qg5+ 11. Kc2 Qe3 12. Bc1 Qxf3 13. Ng3 Qxd1+ 14. Kxd1 Bg4+ 15.
Be2 Bxe2+ 16. Nxe2 O-O-O 17. b5 Na5 18. Be3 b6 19. Nd2 d5 20. Nf3 Be7 21. Nxe5
Rhf8 22. Nd4 f6 23. Nec6 Nxc6 24. Nxc6 Rd7 25. Nxa7+ Kb7 26. Nc6 Bd6 27. exd5
Bf4 28. Bxf4 Nxf4 29. Kd2 Rxd5 30. d4 Rxb5 31. Rhf1 Kxc6 32. Rxf4 Rb2+ 33. Kd3
Rxh2 34. Rf3 Re8 35. Re3 Rxe3+ 36. Kxe3 Rh3+ 37. Kd2 f5 38. Re1 Rh2+ 39. Re2
Rxe2+ 40. Kxe2 Kd5 41. Kd3 b5 42. Ke3 g5 43. Kf3 Kc4 0-1

[Event "AUTO-ADV-4742"]
[Site "http://www.queenalice.com/game.php?id=1824020"]
[Date "2023.10.27"]
[Round "1"]
[White "silent1"]
[Black "Diogolopes"]
[Result "0-1"]
[WhiteElo "1843"]
[BlackElo "1640"]

1. e4 e5 2. Nf3 f6 3. Nc3 c6 4. Bc4 Ne7 5. O-O b5 6. Bb3 g5 7. h3 Ba6 8. a3 Ng6
9. d4 b4 10. axb4 Bxb4 11. dxe5 Bxf1 12. Kxf1 fxe5 13. Bd2 h6 14. Ne2 Bc5 15.
Be3 Bxe3 16. fxe3 Qb6 17. Qd6 c5 18. Qxb6 axb6 19. Ng3 Rf8 20. Kg1 Rxa1+ 21. Kh2
Nc6 22. Nf5 Rf6 23. Nxh6 b5 24. Nf5 c4 0-1

[Event "Poltergeist"]
[Site "http://www.queenalice.com/game.php?id=1824139"]
[Date "2023.10.29"]
[Round "-"]
[White "Nelsonbento"]
[Black "Diogolopes"]
[Result "0-1"]
[WhiteElo "1647"]
[BlackElo "1652"]

1. c4 c5 2. d4 e6 3. d5 d6 4. h4 h5 5. e4 Nf6 6. Bg5 exd5 7. cxd5 Be7 8. Bb5+
Bd7 9. Bxd7+ Nbxd7 10. Bxf6 Bxf6 11. Nc3 Bd4 12. Nf3 Bf6 13. Qb3 Qa5 14. O-O a6
15. Qxb7 Ke7 16. Qb3 Rab8 17. Qc2 Rb7 18. a3 Rhb8 19. Rfb1 Rb3 20. g3 Bxc3 21.
Nd2 Bxd2 22. e5 dxe5 23. Qh7 g6 24. Rf1 Nf6 25. d6+ Ke6 26. Qg7 Rg8 27. Qxf6+
Kxf6 28. d7 Rxb2 29. a4 Bc3 30. Rad1 Rd2 31. Rb1 Rxd7 32. Kh2 Qxa4 33. f3 Rd2+
34. Kh3 Qc2 35. Rh1 Qd3 36. Rbf1 Qe2 37. g4 Qg2# 0-1